MARC

LEADER 00000nam0a2200000 4500
001 139120
005 20231031141640.0
035 |a (RuTPU)RU\TPU\book\150724 
090 |a 139120 
100 |a 20080603d1969 m y0rusy50 ca 
101 1 |a rus  |c eng 
102 |a RU 
105 |a a z 001zy 
200 1 |a Механика пластических деформаций при обработке металлов  |e пер. с англ.  |f Э. Томсен, Ч. Янг, Ш. Кобаяши 
210 |a Москва  |c Машиностроение  |d 1969 
215 |a 504 с.  |c ил. 
320 |a Библиогр.: с. 483-497. 
610 1 |a механика 
610 1 |a пластические деформации 
610 1 |a металлы 
610 1 |a технология 
610 1 |a строение 
610 1 |a анализ 
610 1 |a напряженное состояние 
610 1 |a деформации 
610 1 |a пластичность 
610 1 |a уравнения 
610 1 |a продольный изгиб 
610 1 |a шейка 
610 1 |a скольжение 
610 1 |a трение 
610 1 |a ковка 
610 1 |a штамповка 
610 1 |a прессование 
610 1 |a чеканка 
610 1 |a прокатка 
610 1 |a обкатка 
610 1 |a волочение 
610 1 |a обработка 
675 |a 621.7/9  |v 3 
675 |a 621.7м01:539.3  |v 3 
700 1 |a Томсен  |b Э. 
701 1 |a Янг  |b Ч. 
701 1 |a Кобаяши  |b Ш. 
801 1 |a RU  |b 63413507  |c 20080603  |g PSBO 
801 2 |a RU  |b 63413507  |c 20180508  |g PSBO 
942 |c BK